[Event "TCh-RUS Women 2015"]
[Site "Sochi RUS"]
[Date "2015.05.06"]
[Round "6.3"]
[Board "4"]
[White "Kashlinskaya, Alina"]
[Black "Komissarova, Oksana"]
[Result "1/2-1/2"]
[WhiteTitle "IM"]
[WhiteElo "2436"]
[BlackElo "1975"]
[WhiteTeam "SHSM-Our Heritage (Moscow)"]
[BlackTeam "Academy GM IV Glek (Moscow)"]
[WhiteFideId "4198026"]
[BlackFideId "24160733"]
[EventDate "2015.05.01"]

1. d4 Nf6 2. c4 g6 3. Nf3 Bg7 4. g3 d5 5. cxd5 Nxd5 6. Bg2 Nc6 7. Nc3 Nb6 8. e3
O-O 9. O-O Be6 10. b3 h6 11. Ba3 Re8 12. Rc1 Qd7 13. Ne4 Rad8 14. Nc5 Qc8 15.
Nxe6 Qxe6 16. Nd2 Qd7 17. Ne4 Nd5 18. Nc5 Qc8 19. Qc2 e5 20. dxe5 Nxe5 21. Rfd1
c6 22. Ne4 Qb8 23. Nd6 Re6 24. e4 Nf6 25. Nc4 Nxc4 26. Qxc4 Ree8 27. h3 Nh5 28.
Bc5 b6 29. Be3 c5 30. Kh2 g5 31. Bf3 Nf6 32. b4 cxb4 33. Qxb4 Rxd1 34. Rxd1 Rd8
35. Rxd8+ Qxd8 36. e5 Nd7 37. e6 fxe6 38. Qd6 Qf6 39. Qxd7 Qxf3 40. Qxa7 Qd5 41.
Bxb6 h5 42. a4 h4 43. Bc7 Bd4 44. Qb8+ Kf7 45. Bd6 Bxf2 46. Qf8+ Kg6 47. Qxf2
Qxd6 48. Qc2+ Kh6 49. Qc3 hxg3+ 50. Kg2 Qd5+ 51. Kxg3 Qd6+ 52. Kg2 Qd5+ 53. Qf3
Qa2+ 54. Kg3 Qxa4 55. Qf6+ Kh7 56. Qf7+ Kh8 57. Qh5+ Kg7 58. Qxg5+ Kf7 59. h4
Qb3+ 60. Kf2 1/2-1/2

[Event "TCh-RUS Women 2015"]
[Site "Sochi RUS"]
[Date "2015.05.06"]
[Round "6.4"]
[Board "1"]
[White "Sergeeva, Natalia"]
[Black "Pustovoitova, Daria"]
[Result "0-1"]
[BlackTitle "FM"]
[WhiteElo "2079"]
[BlackElo "2339"]
[WhiteTeam "Kuban (Krasnodar region)"]
[BlackTeam "University (Belorechensk)"]
[WhiteFideId "4117743"]
[BlackFideId "4182146"]
[EventDate "2015.05.01"]

1. e4 c5 2. Nf3 d6 3. d4 cxd4 4. Nxd4 Nf6 5. Nc3 a6 6. f4 e5 7. Nf3 Nbd7 8. Bc4
Be7 9. a4 O-O 10. Qe2 Qc7 11. O-O exf4 12. Bxf4 Ne5 13. Bxe5 dxe5 14. Kh1 Be6
15. Bxe6 fxe6 16. Ng5 Qc6 17. Rf3 h6 18. Nh3 Rad8 19. Nf2 Bb4 20. h3 Rd4 21. Ng4
Nxg4 22. Rxf8+ Kxf8 23. Qxg4 Bxc3 24. Rf1+ Kg8 25. bxc3 Rxe4 26. Qg6 Rf4 27. Rd1
Rf8 28. Kh2 Kh8 29. a5 e4 30. Re1 Qxc3 31. Qxe4 Qxa5 32. Rb1 Qc7+ 33. Kh1 b5 34.
Qe2 Rc8 35. Qxe6 Qxc2 36. Ra1 b4 37. Rxa6 Qc1+ 0-1

[Event "TCh-RUS Women 2015"]
[Site "Sochi RUS"]
[Date "2015.05.06"]
[Round "6.4"]
[Board "2"]
[White "Nakhbayeva, Guliskhan"]
[Black "Yakimenko, Viktoria"]
[Result "0-1"]
[WhiteTitle "WGM"]
[WhiteElo "2329"]
[BlackElo "2092"]
[WhiteTeam "University (Belorechensk)"]
[BlackTeam "Kuban (Krasnodar region)"]
[WhiteFideId "13704788"]
[BlackFideId "24174998"]
[EventDate "2015.05.01"]

1. d4 Nf6 2. c4 g6 3. Nc3 d5 4. Nf3 Bg7 5. g3 O-O 6. Bg2 dxc4 7. Qa4 Nfd7 8.
Qxc4 Nb6 9. Qb3 Be6 10. Qc2 Nc6 11. O-O Bf5 12. e4 Bg4 13. d5 Bxf3 14. Bxf3 Nd4
15. Qd3 Nxf3+ 16. Qxf3 Qd7 17. a4 e6 18. a5 Nc4 19. Qe2 exd5 20. Nxd5 Nd6 21.
Bg5 f6 22. Bf4 Rae8 23. Rfd1 Re6 24. Ra3 Qf7 25. f3 c6 26. Nc3 Nc8 27. Na4 h6
28. Nc5 Re7 29. a6 b6 30. Nb7 c5 31. Nd8 Qe8 32. Qc4+ Kh7 33. Qd5 f5 34. Nc6 Re6
35. Nd8 Re7 36. e5 g5 37. Bc1 Rxe5 38. Qd2 Re2 39. Qd7 Re1+ 0-1

[Event "TCh-RUS Women 2015"]
[Site "Sochi RUS"]
[Date "2015.05.06"]
[Round "6.4"]
[Board "3"]
[White "Yakimenko, Anastasia"]
[Black "Bronnikova, Elizaveta"]
[Result "0-1"]
[BlackTitle "WIM"]
[WhiteElo "2080"]
[BlackElo "2245"]
[WhiteTeam "Kuban (Krasnodar region)"]
[BlackTeam "University (Belorechensk)"]
[WhiteFideId "24174980"]
[BlackFideId "4157087"]
[EventDate "2015.05.01"]

1. Nf3 g6 2. g3 Bg7 3. Bg2 d6 4. O-O e5 5. d3 Ne7 6. c4 Nbc6 7. Nc3 O-O 8. Rb1
a5 9. a3 Bf5 10. b4 axb4 11. axb4 Qd7 12. Bh1 Nd8 13. Re1 h6 14. Bd2 Bh3 15. Qc1
g5 16. e4 f5 17. Nd1 Ne6 18. c5 Rf7 19. Rb3 Raf8 20. Qc4 f4 21. d4 Nxd4 22. Nxd4
exd4 23. Qd3 fxg3 24. hxg3 Be6 25. Ra3 Ng6 26. Qf1 dxc5 27. bxc5 Ne5 28. Nb2
Nf3+ 29. Rxf3 Rxf3 30. Bxf3 Rxf3 31. Qg2 Rb3 32. Nd1 Bh3 33. Qh2 Rd3 34. f4 Qg4
35. Ne3 dxe3 36. Bxe3 gxf4 37. Qa2+ Kh7 38. Bxf4 Rxg3+ 39. Bxg3 Qxg3+ 40. Kh1
Qf3+ 0-1

[Event "TCh-RUS Women 2015"]
[Site "Sochi RUS"]
[Date "2015.05.06"]
[Round "6.4"]
[Board "4"]
[White "Baraeva, Marina"]
[Black "Demchenko, Alisa"]
[Result "1-0"]
[WhiteTitle "WIM"]
[WhiteElo "2205"]
[BlackElo "1705"]
[WhiteTeam "University (Belorechensk)"]
[BlackTeam "Kuban (Krasnodar region)"]
[WhiteFideId "24142573"]
[BlackFideId "34100080"]
[EventDate "2015.05.01"]

1. d4 d5 2. Nf3 Nf6 3. c4 e6 4. Nc3 c6 5. Bg5 h6 6. Bxf6 Qxf6 7. e3 Bd6 8. Bd3
Qe7 9. O-O O-O 10. e4 dxc4 11. Bxc4 Nd7 12. e5 Bc7 13. Qe2 Ba5 14. Ne4 c5 15.
Nd6 cxd4 16. Nxd4 Rd8 17. Nxf7 Nf8 18. Nxd8 Bxd8 19. Rad1 Kh8 20. Qe4 Rb8 21.
Rd3 a6 22. Rf3 b5 23. Bd3 Kg8 24. Nc6 Bb7 25. Nxe7+ Bxe7 26. Rxf8+ Bxf8 27. Qh7+
Kf7 28. Bg6+ Ke7 29. Qg8 1-0

[Event "TCh-RUS Women 2015"]
[Site "Sochi RUS"]
[Date "2015.05.06"]
[Round "6.5"]
[Board "1"]
[White "Iljushina, Olga"]
[Black "Travkina, Anastasia"]
[Result "1/2-1/2"]
[WhiteTitle "WGM"]
[BlackTitle "WFM"]
[WhiteElo "2300"]
[BlackElo "2225"]
[WhiteTeam "Grozny (Chechnya)"]
[BlackTeam "Donchanka (Rostov region)"]
[WhiteFideId "4152280"]
[BlackFideId "24129151"]
[EventDate "2015.05.01"]

1. g3 d5 2. Bg2 Nf6 3. Nf3 Bf5 4. d3 e6 5. Nh4 c6 6. Nd2 h6 7. Nxf5 exf5 8. O-O
g6 9. e4 fxe4 10. dxe4 dxe4 11. Nxe4 Nxe4 12. Qxd8+ Kxd8 13. Bxe4 Bd6 14. Be3
Kc7 15. Rad1 Nd7 16. Rd2 Ne5 17. b3 Bb4 18. Rdd1 Bc3 19. Bc5 Rhe8 20. Bg2 Rad8
21. h3 b6 22. Be3 Rxd1 23. Rxd1 g5 24. Bc1 Nd7 25. Bf3 Nc5 26. Bh5 Re7 27. Kg2
b5 28. Be3 Ne6 29. Rd3 b4 30. h4 f5 31. Bf3 g4 32. Bd1 h5 33. Kf1 a5 34. Be2 Rf7
35. f4 c5 36. Rd5 Kc6 37. Bc4 Rf8 38. Rd1 Nd4 39. Bd3 Nf3 40. Kf2 Rf6 1/2-1/2

[Event "TCh-RUS Women 2015"]
[Site "Sochi RUS"]
[Date "2015.05.06"]
[Round "6.5"]
[Board "2"]
[White "Sukhareva, Evgeniya"]
[Black "Dordzhieva, Dinara"]
[Result "0-1"]
[BlackTitle "WIM"]
[WhiteElo "2169"]
[BlackElo "2272"]
[WhiteTeam "Donchanka (Rostov region)"]
[BlackTeam "Grozny (Chechnya)"]
[WhiteFideId "4167155"]
[BlackFideId "24157570"]
[EventDate "2015.05.01"]

1. d4 Nf6 2. c4 c5 3. d5 b5 4. cxb5 a6 5. bxa6 g6 6. a7 Rxa7 7. Nc3 d6 8. g3 Bg7
9. Bg2 Nbd7 10. Nf3 Nb6 11. e4 O-O 12. O-O Ba6 13. Re1 Nfd7 14. Bf1 Nc4 15. Nd2
Nde5 16. Nxc4 Nxc4 17. Qc2 Qa5 18. Bd2 Nxd2 19. Qxd2 Bxf1 20. Kxf1 Rb8 21. Rec1
Qb4 22. Qd3 Rab7 23. b3 Qa3 24. Qe2 Rb4 25. Qe3 Ra8 26. Kg2 h5 27. h4 Bd4 28.
Qd3 Qb2 29. Ne2 Rxa2 30. Rxa2 Qxa2 31. Nxd4 Rxd4 32. Qe3 Qb2 33. Rc3 Qb1 34. e5
Re4 35. Qd3 Qxd3 36. Rxd3 Rxe5 37. f4 Re4 38. Kf3 Rb4 39. Ke3 Kg7 40. Kf3 Kf6
41. Ke3 Kf5 42. Kf3 e6 43. dxe6 Kxe6 44. Rc3 Kd5 45. Rd3+ Kc6 46. Ke3 d5 47. Kf3
Kd6 48. g4 f6 49. Kg3 Re4 50. Kf3 Kc6 51. Rd1 hxg4+ 52. Kxg4 Re3 53. Ra1 Kb5 54.
Ra8 d4 55. Rb8+ Ka5 56. Rc8 Kb4 57. Rb8+ Kc3 58. Rc8 d3 59. Rxc5+ Kxb3 60. f5
gxf5+ 61. Kxf5 Re5+ 0-1

[Event "TCh-RUS Women 2015"]
[Site "Sochi RUS"]
[Date "2015.05.06"]
[Round "6.5"]
[Board "3"]
[White "Lingur, Zalina"]
[Black "Petrova, Olga"]
[Result "1-0"]
[WhiteTitle "WFM"]
[WhiteElo "2126"]
[BlackElo "2176"]
[WhiteTeam "Grozny (Chechnya)"]
[BlackTeam "Donchanka (Rostov region)"]
[WhiteFideId "34165670"]
[BlackFideId "24117196"]
[EventDate "2015.05.01"]

1. e4 d5 2. exd5 Qxd5 3. Nc3 Qd8 4. d4 Nf6 5. h3 c6 6. Nf3 Bf5 7. Bc4 e6 8. O-O
Be7 9. Nh4 Be4 10. Nxe4 Nxe4 11. Nf3 Nd7 12. Qe2 Nd6 13. Bd3 O-O 14. Bf4 Re8 15.
Rad1 Nf5 16. c3 a5 17. Rfe1 Qb6 18. b3 Nf6 19. Ne5 Nd5 20. Bd2 Bf6 21. Nd7 Qd8
22. Nxf6+ Qxf6 23. Bb1 g6 24. Qe5 Qxe5 25. dxe5 a4 26. c4 Nb6 27. Bb4 axb3 28.
axb3 Ra6 29. g4 Nh4 30. Re3 g5 31. Red3 Kg7 32. Rd8 Rxd8 33. Rxd8 Ra1 34. Bf8+ 1-0

[Event "TCh-RUS Women 2015"]
[Site "Sochi RUS"]
[Date "2015.05.06"]
[Round "6.5"]
[Board "4"]
[White "Kim, Yana"]
[Black "Protopopova, Anastasiya"]
[Result "1-0"]
[WhiteTitle "WFM"]
[BlackTitle "WFM"]
[WhiteElo "2125"]
[BlackElo "2093"]
[WhiteTeam "Donchanka (Rostov region)"]
[BlackTeam "Grozny (Chechnya)"]
[WhiteFideId "24133167"]
[BlackFideId "24172073"]
[EventDate "2015.05.01"]

1. e4 e6 2. d4 d5 3. Nc3 dxe4 4. Nxe4 Nd7 5. Nf3 Ngf6 6. Nxf6+ Nxf6 7. Bc4 c5 8.
Be3 cxd4 9. Bxd4 Be7 10. O-O O-O 11. Qe2 b6 12. Rad1 Qc7 13. Ne5 Bb7 14. Rfe1
Nd5 15. Qg4 f5 16. Qg3 Bd6 17. Bb3 b5 18. Qg5 a5 19. a4 b4 20. Bc4 h6 21. Qg3 f4
22. Qg6 Rf6 23. Qd3 Rf5 24. Nf3 Qf7 25. Qe2 Re8 26. Be5 Bc5 27. Bd3 Ne3 28. Bxf5
Nxd1 29. Qxd1 Qxf5 30. Qd7 Re7 31. Qd8+ Kh7 32. Bd4 Qxc2 33. Bxc5 Qxc5 34. Qd3+
Kg8 35. Qd8+ Kh7 36. Qd3+ g6 37. Ne5 Rg7 38. Ng4 Qg5 39. f3 h5 40. Re5 Qh4 41.
Rxh5+ Qxh5 42. Nf6+ Kh6 43. Nxh5 Kxh5 44. Qb5+ Bd5 45. Qxa5 b3 46. Qc3 Rg8 47.
Qc7 Kh6 48. Qxf4+ Kh7 49. Qc7+ Rg7 50. Qc5 Rd7 51. Kf2 Bb7 52. Ke3 Kg8 53. Qb6
Bd5 54. a5 Rb7 55. Qc5 Rb8 56. a6 Ra8 57. Qc7 1-0

[Event "TCh-RUS Women 2015"]
[Site "Sochi RUS"]
[Date "2015.05.07"]
[Round "7.1"]
[Board "1"]
[White "Bodnaruk, Anastasia"]
[Black "Travkina, Anastasia"]
[Result "1/2-1/2"]
[WhiteTitle "IM"]
[BlackTitle "WFM"]
[WhiteElo "2382"]
[BlackElo "2225"]
[WhiteTeam "SDYUSSHOR Hilti (St. Petersburg)"]
[BlackTeam "Donchanka (Rostov region)"]
[WhiteFideId "4181751"]
[BlackFideId "24129151"]
[EventDate "2015.05.01"]

1. e4 c5 2. Nf3 d6 3. d4 cxd4 4. Qxd4 Nc6 5. Bb5 Bd7 6. Bxc6 Bxc6 7. Nc3 e5 8.
Qd3 h6 9. Nd2 Nf6 10. Nc4 b5 11. Ne3 Qb6 12. Ncd5 Nxd5 13. Nxd5 Qb7 14. O-O Bxd5
15. exd5 Be7 16. a4 b4 17. a5 Bg5 18. f4 exf4 19. Qe4+ Qe7 20. Qxb4 O-O 21. Bxf4
Bxf4 22. Qxf4 Rac8 23. c4 Rb8 24. Qd4 Rb4 25. Rf3 Rfb8 26. Raf1 f6 27. R3f2 Qc7
28. Rc2 Qxa5 29. h4 Qa2 30. Rff2 Rc8 31. Qg4 Rbxc4 32. Qxc8+ Rxc8 33. Rxc8+ Kh7
34. Rc7 Qxd5 35. g3 Qd4 36. Kg2 Qe4+ 37. Kh2 Kg6 38. Rd2 d5 39. Rd7 a6 40. R7xd5
Qb4 41. h5+ Kh7 42. R5d4 Qb5 43. Rd5 Qb4 44. R5d4 Qb5 45. Rd5 Qb4 1/2-1/2

[Event "TCh-RUS Women 2015"]
[Site "Sochi RUS"]
[Date "2015.05.07"]
[Round "7.1"]
[Board "2"]
[White "Petrova, Olga"]
[Black "Ovod, Evgenija"]
[Result "1-0"]
[BlackTitle "IM"]
[WhiteElo "2176"]
[BlackElo "2325"]
[WhiteTeam "Donchanka (Rostov region)"]
[BlackTeam "SDYUSSHOR Hilti (St. Petersburg)"]
[WhiteFideId "24117196"]
[BlackFideId "4131827"]
[EventDate "2015.05.01"]

1. e4 e5 2. Nc3 Nf6 3. g3 Bc5 4. Bg2 Nc6 5. Nge2 a6 6. O-O d6 7. h3 Be6 8. Nd5
Ba7 9. c3 O-O 10. Kh2 Nd7 11. d3 f5 12. exf5 Bxf5 13. f4 Be6 14. g4 exf4 15.
Nexf4 Bf7 16. d4 Nf6 17. Nxf6+ Qxf6 18. d5 Ne5 19. Ne6 Qe7 20. Bg5 Qd7 21. Nxf8
Rxf8 22. Qe2 Re8 23. Rae1 Bg6 24. Qd2 Bd3 25. Rh1 Bg6 26. b3 h5 27. gxh5 Bxh5
28. Rhf1 Bg6 29. Bh4 Bf5 30. Bg3 g6 31. Qg5 Qg7 32. Bh4 Rf8 33. Qg3 Qh6 34. Bg5
Qh5 35. Qh4 Qxh4 36. Bxh4 Rf7 37. Be4 Bxe4 38. Rxf7 Bxd5 39. Rxe5 Bxf7 40. Re7
Bb6 41. Bf6 Kf8 42. Kg3 a5 43. Re4 d5 44. Rh4 c5 45. Kf4 c4 46. bxc4 dxc4 47.
Ke4 Ke8 48. Rh8+ Kd7 49. Bd4 Bc7 50. Be5 Bd8 51. Rh7 Ke6 52. Kd4 b5 53. Kc5 Be8
54. Bd4 Be7+ 55. Kb6 Bd8+ 56. Ka6 b4 57. Rh8 Kd7 58. cxb4 axb4 59. Kb5 Be7 60.
Rxe8 Kxe8 61. Kxc4 Kd7 62. Bc5 Bd8 63. Kxb4 Kc6 64. a4 Bc7 65. Be3 Bd6+ 66. Kc4
Bc7 67. Bd2 Kb6 68. Kd5 Bd8 69. Ke6 Kc5 70. Kf7 1-0

[Event "TCh-RUS Women 2015"]
[Site "Sochi RUS"]
[Date "2015.05.07"]
[Round "7.1"]
[Board "3"]
[White "Belenkaya, Dina"]
[Black "Berdychevskaya, Natasha"]
[Result "1/2-1/2"]
[WhiteTitle "WFM"]
[BlackTitle "WFM"]
[WhiteElo "2259"]
[BlackElo "2229"]
[WhiteTeam "SDYUSSHOR Hilti (St. Petersburg)"]
[BlackTeam "Donchanka (Rostov region)"]
[WhiteFideId "24142654"]
[BlackFideId "4159322"]
[EventDate "2015.05.01"]

1. e4 e5 2. Nf3 Nc6 3. Nc3 Nf6 4. d4 exd4 5. Nxd4 Bb4 6. Nxc6 bxc6 7. Bd3 d5 8.
exd5 cxd5 9. O-O O-O 10. h3 h6 11. Qf3 c6 12. Bf4 Bd6 13. Ne2 Re8 14. Ng3 Rb8
15. b3 Rb4 16. c4 Bxf4 17. Qxf4 Be6 18. Rad1 Qb8 19. Qxb8 Rbxb8 20. cxd5 Nxd5
21. Ne4 Nf4 22. Bb1 Bd5 23. Rfe1 Re6 24. Re3 Rg6 25. g4 Re6 26. Kh2 Rbe8 27.
Rde1 Kf8 28. Kg3 g5 29. Nf6 Rd8 30. Nxd5 cxd5 31. Bf5 Rc6 32. Re7 d4 33. Rxa7
Rc3+ 34. f3 Nd5 35. Kf2 d3 36. Rd1 Rc2+ 37. Kg1 Nf4 38. Kf1 Rh2 39. Kg1 Rb2 40.
Kf1 Rh2 41. Kg1 Re2 42. Kf1 Rh2 43. Kg1 Rb2 44. Kf1 Rh2 1/2-1/2

[Event "TCh-RUS Women 2015"]
[Site "Sochi RUS"]
[Date "2015.05.07"]
[Round "7.1"]
[Board "4"]
[White "Kim, Yana"]
[Black "Balaian, Alina"]
[Result "0-1"]
[WhiteTitle "WFM"]
[BlackTitle "WIM"]
[WhiteElo "2125"]
[BlackElo "2214"]
[WhiteTeam "Donchanka (Rostov region)"]
[BlackTeam "SDYUSSHOR Hilti (St. Petersburg)"]
[WhiteFideId "24133167"]
[BlackFideId "24115347"]
[EventDate "2015.05.01"]

1. e4 e6 2. d4 d5 3. Nc3 Bb4 4. e5 c5 5. Bd2 Ne7 6. Nb5 Bxd2+ 7. Qxd2 O-O 8.
dxc5 Bd7 9. Nf3 Bxb5 10. Bxb5 b6 11. c6 a6 12. Bd3 Nbxc6 13. O-O Ng6 14. Rfe1
Nh4 15. Nxh4 Qxh4 16. f4 f5 17. exf6 Rxf6 18. g3 Qh6 19. c4 Rd8 20. cxd5 Rxd5
21. Rad1 Nd4 22. Qg2 Qh5 23. Rf1 b5 24. Rde1 Rd8 25. Re5 Qf7 26. Rfe1 g6 27. Bb1
Qc7 28. Qf2 Qd6 29. Be4 Rf7 30. h4 Kg7 31. h5 Qxe5 32. fxe5 Rxf2 33. Kxf2 Nf5
34. g4 Rd2+ 35. Kf3 Nh6 36. hxg6 hxg6 37. Rc1 Nf7 38. Rc7 Rxb2 39. Kf4 Rxa2 40.
Re7 Ra4 41. Rxe6 Rxe4+ 42. Kxe4 Ng5+ 43. Kd5 Nxe6 44. Kxe6 b4 45. Kd6 b3 46. e6
b2 47. e7 b1=Q 48. e8=Q Qb6+ 0-1

[Event "TCh-RUS Women 2015"]
[Site "Sochi RUS"]
[Date "2015.05.07"]
[Round "7.2"]
[Board "1"]
[White "Kosteniuk, Alexandra"]
[Black "Pustovoitova, Daria"]
[Result "1/2-1/2"]
[WhiteTitle "GM"]
[BlackTitle "FM"]
[WhiteElo "2529"]
[BlackElo "2339"]
[WhiteTeam "SHSM-Our Heritage (Moscow)"]
[BlackTeam "University (Belorechensk)"]
[WhiteFideId "4128125"]
[BlackFideId "4182146"]
[EventDate "2015.05.01"]

1. e4 c5 2. Nf3 d6 3. Bb5+ Bd7 4. Bxd7+ Qxd7 5. O-O Nc6 6. c3 Nf6 7. d4 Nxe4 8.
d5 Ne5 9. Re1 Nxf3+ 10. Qxf3 Nf6 11. Na3 e5 12. dxe6 fxe6 13. Qh3 e5 14. Qd3 h6
15. c4 Be7 16. Qg6+ Kf8 17. Nc2 Qg4 18. Qd3 Kf7 19. Ne3 Qe4 20. Qc3 Rhe8 21. f3
Qc6 22. b3 Bf8 23. Bb2 Rad8 24. Rad1 Kg8 25. Qc2 Qc7 26. Nf5 Nh5 27. g3 Qf7 28.
Rd2 g6 29. Ne3 Re6 30. Ng4 Rde8 31. Qe4 Kh7 32. Qd5 R8e7 33. Rde2 g5 34. Ne3 Qg6
35. Qd1 Rf7 36. Qd5 Ng7 37. Rf1 Nf5 38. Nxf5 Qxf5 39. Rfe1 Ref6 40. Rf2 Bg7 41.
Re4 Rg6 42. g4 Qe6 43. Qxe6 Rxe6 44. Bc1 Kg6 45. Kg2 Bf6 46. Rd2 Bd8 47. Rd3 Kg7
48. Bd2 Rd7 49. Bc3 Bf6 50. b4 cxb4 51. Bxb4 Kf7 52. Rd5 b6 53. a4 Ke8 54. Bd2
Be7 55. Be3 Rc7 56. a5 Rc6 57. axb6 axb6 58. f4 gxf4 59. Bxf4 Rg6 60. Bg3 Kf7
61. Rb5 Ke6 62. Bxe5 Kd7 63. Bg3 Re6 64. Rf4 Bg5 65. Rf7+ Re7 66. Rf2 Re4 67. h4
Be7 68. g5 hxg5 69. h5 Re6 70. Rf7 Rh6 71. Rxg5 Ke6 72. Rgg7 Bf6 73. Rh7 Rxh7
74. Rxh7 Rxc4 75. Rb7 Rc5 76. Rxb6 1/2-1/2

[Event "TCh-RUS Women 2015"]
[Site "Sochi RUS"]
[Date "2015.05.07"]
[Round "7.2"]
[Board "2"]
[White "Nakhbayeva, Guliskhan"]
[Black "Gunina, Valentina"]
[Result "0-1"]
[WhiteTitle "WGM"]
[BlackTitle "GM"]
[WhiteElo "2329"]
[BlackElo "2528"]
[WhiteTeam "University (Belorechensk)"]
[BlackTeam "SHSM-Our Heritage (Moscow)"]
[WhiteFideId "13704788"]
[BlackFideId "4167570"]
[EventDate "2015.05.01"]

1. d4 d5 2. c4 c6 3. Nc3 dxc4 4. e3 b5 5. a4 b4 6. Ne4 Qd5 7. Ng3 Nf6 8. Be2 g6
9. Nf3 Ba6 10. Ne5 Qxg2 11. Bf3 Qh3 12. Nxc6 Qc8 13. Nxb4 Bb7 14. Bd2 h5 15. a5
a6 16. Qa4+ Nfd7 17. d5 Bg7 18. Qc2 Ne5 19. Be4 h4 20. Ne2 Nbd7 21. f4 Nd3+ 22.
Bxd3 cxd3 23. Qxd3 O-O 24. Rc1 Qe8 25. Kf2 Nf6 26. Rc7 Bxd5 27. Nxd5 Nxd5 28.
Qxd5 Rd8 29. Qc4 Rxd2 30. b3 Qd8 31. Rc1 e5 32. Rc8 Qd7 33. Rxf8+ Bxf8 34. fxe5
Qh3 35. Qf4 Bh6 36. Qf3 Qxh2+ 37. Ke1 Rxe2+ 38. Qxe2 Qxe5 39. b4 Bxe3 40. Rc8+
Kg7 41. Qf3 Bc5+ 42. Kf1 Qa1+ 43. Kg2 Qa2+ 44. Kh1 Qb1+ 45. Kg2 Bxb4 46. Qe3
Qa2+ 47. Kh3 Qd5 48. Re8 Qh1+ 49. Kg4 f5+ 50. Kf4 Bd6+ 0-1

[Event "TCh-RUS Women 2015"]
[Site "Sochi RUS"]
[Date "2015.05.07"]
[Round "7.2"]
[Board "3"]
[White "Girya, Olga"]
[Black "Bronnikova, Elizaveta"]
[Result "1-0"]
[WhiteTitle "WGM"]
[BlackTitle "WIM"]
[WhiteElo "2459"]
[BlackElo "2245"]
[WhiteTeam "SHSM-Our Heritage (Moscow)"]
[BlackTeam "University (Belorechensk)"]
[WhiteFideId "4195752"]
[BlackFideId "4157087"]
[EventDate "2015.05.01"]

1. d4 Nf6 2. c4 c5 3. d5 b5 4. cxb5 a6 5. bxa6 g6 6. Nc3 Bg7 7. e4 d6 8. Bb5+
Bd7 9. Bxd7+ Nbxd7 10. Nf3 O-O 11. O-O Qb6 12. Rb1 Rxa6 13. b3 Qb4 14. Qd3 Rfa8
15. Bd2 Qb7 16. a4 Rb6 17. Nb5 Ne8 18. Rfc1 Qa6 19. Bc3 Rb7 20. Bxg7 Kxg7 21.
Qc3+ f6 22. h4 Qa5 23. Qe3 Nc7 24. Nxc7 Rxc7 25. h5 Rb7 26. hxg6 hxg6 27. g3
Rab8 28. Kg2 Nf8 29. Rh1 Kf7 30. Rh8 c4 31. Qh6 Rxb3 32. Nh4 e6 33. Nxg6 f5 34.
dxe6+ 1-0

[Event "TCh-RUS Women 2015"]
[Site "Sochi RUS"]
[Date "2015.05.07"]
[Round "7.2"]
[Board "4"]
[White "Baraeva, Marina"]
[Black "Kovalevskaya, Ekaterina"]
[Result "0-1"]
[WhiteTitle "WIM"]
[BlackTitle "IM"]
[WhiteElo "2205"]
[BlackElo "2438"]
[WhiteTeam "University (Belorechensk)"]
[BlackTeam "SHSM-Our Heritage (Moscow)"]
[WhiteFideId "24142573"]
[BlackFideId "4116704"]
[EventDate "2015.05.01"]

1. d4 Nf6 2. c4 c5 3. d5 b5 4. cxb5 a6 5. bxa6 g6 6. Nc3 Bg7 7. e4 O-O 8. a7
Rxa7 9. Nf3 e6 10. Be2 exd5 11. exd5 d6 12. O-O Na6 13. a4 Nb4 14. Bf4 Bf5 15.
Qd2 Ne4 16. Qc1 Nxc3 17. bxc3 Nxd5 18. Bd2 Qa8 19. Bb5 Be4 20. Re1 Nc7 21. Bf4
Nxb5 22. axb5 Rxa1 23. Qxa1 Qxa1 24. Rxa1 Bxc3 25. Rc1 Bb2 26. Re1 Bxf3 27. gxf3
Rb8 28. Bxd6 Rxb5 29. Re8+ Kg7 30. Be5+ Bxe5 31. Rxe5 Kf6 32. Re8 h5 33. h4 Rb4
34. Rc8 Rc4 35. Kg2 Ke6 36. Kg3 Rc1 37. Rc7 Rc2 38. Kg2 Rc1 39. Kg3 f6 40. Rc6+
Kf5 41. Kg2 Ke5 42. Kh2 c4 43. Kg2 c3 44. Kh2 Kd5 45. Rc8 Kd4 46. Rd8+ Kc4 47.
Rc8+ Kd3 48. Rc6 Rd1 49. Rd6+ Ke2 50. Rc6 Rd3 51. Rxf6 c2 52. Rc6 Kd2 0-1

[Event "TCh-RUS Women 2015"]
[Site "Sochi RUS"]
[Date "2015.05.07"]
[Round "7.3"]
[Board "1"]
[White "Bivol, Alina"]
[Black "Ambartsumova, Karina"]
[Result "0-1"]
[WhiteTitle "WIM"]
[BlackTitle "WGM"]
[WhiteElo "2350"]
[BlackElo "2346"]
[WhiteTeam "Boavista (Moscow)"]
[BlackTeam "Rook (Kazan)"]
[WhiteFideId "4100123"]
[BlackFideId "4166299"]
[EventDate "2015.05.01"]

1. Nf3 Nf6 2. g3 e6 3. Bg2 d5 4. O-O Be7 5. b3 O-O 6. c4 c5 7. cxd5 exd5 8. d4
Nc6 9. Nc3 Be6 10. Bb2 b6 11. Rc1 Rc8 12. dxc5 d4 13. Nb1 Bxc5 14. Na3 Qd7 15.
Nc2 Rfd8 16. Nce1 Nb4 17. Ra1 a5 18. a3 Nc6 19. Nd3 Bf8 20. Rc1 Qd6 21. Nf4 Bf5
22. Nd2 b5 23. a4 bxa4 24. Nc4 Qb8 25. bxa4 Ne4 26. Nd3 Nc3 27. Bxc3 dxc3 28.
Rxc3 Nd4 29. e3 Bb4 30. Nxb4 Qxb4 31. exd4 Qxc3 32. Nb6 Rxd4 33. Qe2 Bd3 34. Qe3
Rcd8 35. Rc1 Qb2 36. Nd5 Be4 37. Ne7+ Kf8 38. Re1 Bxg2 39. Kxg2 Qb7+ 40. Kg1 Rd1
41. Nf5 Qd7 42. Qc5+ Kg8 43. Rxd1 Qxd1+ 44. Kg2 Qxa4 45. Qe5 Qc6+ 46. Kh3 Qf6
47. Qxa5 h5 48. Ne3 g6 49. Kg2 Qc6+ 50. Kh3 Qe6+ 51. Kg2 Qe4+ 52. Kh3 Rd3 53.
Qg5 Rd2 54. Qf6 Ra2 55. Nf1 Qh1 56. Ne3 Qe1 57. Nf5 gxf5 58. Qg5+ Kf8 59. Qh6+
Ke7 60. Qg5+ Kd7 61. Qf6 Qf1+ 62. Kh4 Qc4+ 63. f4 Rxh2+ 64. Kg5 Qc5 65. Qa1 Rd2
66. Qa4+ Ke7 67. Qb3 Rd8 68. Qb7+ Kf8 69. Qb2 Qd4 0-1

[Event "TCh-RUS Women 2015"]
[Site "Sochi RUS"]
[Date "2015.05.07"]
[Round "7.3"]
[Board "2"]
[White "Shaydullina, Sandugach"]
[Black "Vasilevich, Irina"]
[Result "1/2-1/2"]
[WhiteTitle "WGM"]
[BlackTitle "IM"]
[WhiteElo "2103"]
[BlackElo "2316"]
[WhiteTeam "Rook (Kazan)"]
[BlackTeam "Boavista (Moscow)"]
[WhiteFideId "4140389"]
[BlackFideId "4141296"]
[EventDate "2015.05.01"]

1. d4 e6 2. c4 Bb4+ 3. Bd2 a5 4. Nf3 d6 5. Nc3 Nf6 6. Qc2 Qe7 7. Bg5 h6 8. Bh4
e5 9. O-O-O Bxc3 10. Qxc3 Nc6 11. a3 g5 12. Bg3 Ne4 13. Qe3 Bf5 14. d5 Nb4 15.
b3 b5 16. cxb5 Na2+ 17. Kb2 Nac3 18. Re1 a4 19. b4 Nxd5 20. Qc1 Ndc3 21. Ka1 Qe6
22. Qb2 Nxb5 23. e3 c6 24. Rc1 O-O 25. Rxc6 Qd5 26. Bxb5 Qxb5 27. Rcc1 Rac8 28.
Nd2 Nxg3 29. hxg3 Qe2 30. Nc4 Qxb2+ 31. Kxb2 Rfd8 32. Rxh6 Be6 33. Nb6 Rxc1 34.
Kxc1 Kg7 35. Rh1 Bb3 36. e4 f5 37. f3 fxe4 38. fxe4 Rb8 39. Nd5 Rc8+ 40. Kd2
Rc2+ 41. Ke3 Rxg2 42. Kf3 Ra2 43. Kg4 Rxa3 44. Kxg5 Bc2 45. Rc1 Bxe4 46. Rc7+
Kf8 47. Nc3 Bf3 48. g4 Ke8 49. b5 Rb3 50. Nxa4 Rxb5 51. Nc3 Rb4 52. Kf6 Kd8 53.
Rh7 Bxg4 54. Rh4 Rc4 55. Nd5 Rd4 56. Ne3 Be2 57. Rh7 Bd3 58. Rg7 Bb1 59. Ra7 e4
60. Ke6 Rd2 61. Nd5 Kc8 62. Ne7+ Kb8 63. Nc6+ Kc8 64. Ne7+ Kb8 65. Nc6+ 1/2-1/2